The great escape : the 10 secrets to loving your life and living your dreams
| Main Author: | |
|---|---|
| Format: | Book |
| Published: |
New Delhi :
Wisdom Tree Publishers ,
2006
|
| Subjects: |
MARC
| LEADER | 00000cam a2200000 7i4500 | ||
|---|---|---|---|
| 001 | 0000027938 | ||
| 005 | 20150201.0 | ||
| 008 | 091029 | ||
| 020 | |a 818328048X | ||
| 090 | 0 | 0 | |a 158.1 |b THO |
| 100 | 1 | |a Thompson, Geoff | |
| 245 | 1 | 0 | |a The great escape : |b the 10 secrets to loving your life and living your dreams |c Geoff Thompson |
| 260 | |a New Delhi : |b Wisdom Tree Publishers , |c 2006 | ||
| 650 | 0 | |a Motivation (psychology) | |
| 650 | 0 | |a Self-realization | |
| 650 | 0 | |a Success | |
| 999 | |a 0001060304 |b Book |c Adult Collection |e Perbadanan Perpustakaan Awam Johor | ||